| 000 | 00781nam a2200253u 4500 | ||
|---|---|---|---|
| 001 | 27230 | ||
| 003 | BD-RjUL | ||
| 005 | 20211209051129.0 | ||
| 008 | 140324r19671957enka 001 0 eng d | ||
| 035 | _a(BD-RjUL)27302 | ||
| 040 |
_aDLC _cCarP _dDLC _dBD-RjUL _beng |
||
| 041 | _aeng | ||
| 082 | 0 | 4 |
_a966.7 _bWAS 1967 |
| 100 | 1 |
_aWard, William Ernest Frank, _d1900- [from old catalog] _983558 |
|
| 245 | 0 | 2 |
_aA short history of Ghana / _c William Ernest Frank Ward. |
| 260 |
_aLondon : _bLongmans, _c1957. |
||
| 300 |
_a275 p. : _bill. ; _c18 cm. |
||
| 504 | _aIncludes Index | ||
| 651 | 0 |
_aGhana _xHistory. [from old catalog] _983559 |
|
| 942 |
_2ddc _cBK |
||
| 999 |
_c27230 _d27230 |
||